Swansea City Trivia - Statistics

General Stats
  • This quiz has been taken 43 times
  • The average score is 8 of 15
Answer Stats
Question Answer % Correct
What is Swansea City’s nickname? The {Swans}
100%
What is the name of Swansea City’s stadium? Swansea.com Stadium
88%
With which club does Swansea City contest the South Wales Derby? Cardiff City
74%
From 1912 to 2025, Swansea City played at which ground? Vetch Field
65%
Who is the current captain of Swansea City? Ben Cabango
62%
Which club did Swansea City beat 5-0 in the 2013 Capital One Cup Final? Bradford City
62%
Which Swansea City striker is considered one of the Premier League's best one-season wonders, after scoring 18 league goals in the 2012/13 season and only 2 in the following season? Michu
62%
Who is Swansea City’s record sale, joining Everton for £45m in 2017? Gylfi Sigurðsson
53%
Who scored a hat-trick for Swansea City as they beat Reading 4-2 in the 2011 Championship Play-Off Final? Scott Sinclair
53%
Who is the current head coach of Swansea City? Alan Sheehan
50%
Which club did Swansea City face in the Round of 32 in the 2013/14 UEFA Europa League, their best European finish to date? SSC Napoli
44%
Who is Swansea City’s record signing, arriving from West Ham United for £18m in 2018? André Ayew
38%
Which Welshman is Swansea City’s record goalscorer with 188? Ivor Allchurch
32%
Who, as player-manager, guided Swansea City to promotion from the Fourth Division to the First Division in four years? John Toshack
29%
Which Welshman is Swansea City’s record appearance-maker with 676? Roger Freestone
12%
No matching quizzes found
Score Distribution
Percent of People with Each Score
Percentile by Number Answered
Your Score History
You have not taken this quiz